| 000 | 00627nam a2200217Ia 4500 | ||
|---|---|---|---|
| 003 | BUBTL | ||
| 008 | 151213s9999 xx 000 0 und d | ||
| 020 | _a0415093171 | ||
| 082 | _a658.8/ Os41c/ 1995 | ||
| 100 |
_aO'Shaughnessy John _93136 |
||
| 245 |
_aCompetitive Marketing: A Strategic approach/ _cJohn O'Shaughnessy |
||
| 250 | _a3rd | ||
| 260 |
_aLondon _bRontledge _cc1995 |
||
| 300 |
_a[xiii] , 749p . : _bill. Table ; 24cm . |
||
| 500 | _aIncludes Index | ||
| 650 |
_aMarketing _93137 |
||
| 700 |
_aJohn O'Shaughnessy _93136 |
||
| 856 |
_k0 _l0 _yDownload |
||
| 942 |
_2ddc _cBK |
||
| 999 |
_c1857 _d1857 |
||